[Event "Sochi RUS"]
[Site "?"]
[Date "2006.04.28"]
[Round "9"]
[White "Moiseenko Alexander"]
[Black "Zvjaginsev Vadim"]
[Result "1/2-1/2"]
[WhiteElo "2662"]
[BlackElo "2670"]
[PlyCount "40"]
[EventDate "2006.??.??"]
[Source "www.chesslib.no"]
[SourceDate "2004.05.04"]

1. d4 Nf6 2. c4 e6 3. Nf3 d5 4. Nc3 Be7 5. Bg5 O-O 6. e3 Nbd7 7. Rc1 c6 8. Bd3 a6 9. c5 h6 10. Bf4 b6 11. b4 a5 12. b5 Bb7 13. cxb6 Nxb6 14. bxc6 Bxc6 15. Ne5 Bb7 16. O-O Rc8 17. Qb3 Bb4 18. a3 Bd6 19. Rb1 Ba8 20. Rfc1 Nc4 1/2-1/2

[Event "Bruxelles (m/4)"]
[Site "?"]
[Date "1991.??.??"]
[Round "?"]
[White "Gelfand, B."]
[Black "Short, N."]
[Result "1/2-1/2"]
[WhiteElo "2665"]
[BlackElo "2660"]
[PlyCount "182"]
[EventDate "1991.??.??"]
[Source "ChessBase"]
[SourceDate "1991.06.01"]

1. d4 d5 2. c4 e6 3. Nc3 Nf6 4. Nf3 Nbd7 5. Bg5 Be7 6. e3 O-O 7. Rc1 Re8 8. Bd3 dxc4 9. Bxc4 c5 10. O-O a6 11. a4 Nb6 12. Bb3 cxd4 13. Qxd4 Qxd4 14. Nxd4 Bd7 15. a5 Nc8 16. Rfd1 Nd6 17. f3 Rac8 18. e4 Rc5 19. Bd2 Rec8 20. Nce2 Nb5 21. Nxb5 Bxb5 22. Nc3 Be8 23. Ra1 Kf8 24. Be1 Nd7 25. Bf2 R5c6 26. Ne2 Ne5 27. Nd4 Rd6 28. h3 Nc6 29. Nxc6 Rdxc6 30. Kh1 R6c7 31. Bd4 Bb5 32. Bc3 g6 33. Rd2 Ke8 34. f4 Kf8 35. Rad1 Rxc3 36. bxc3 Rxc3 37. Ba2 Ra3 38. f5 gxf5 39. exf5 exf5 40. Bd5 Rxa5 41. Bxb7 Ra4 42. Rd4 Rxd4 43. Rxd4 Kg7 44. Rf4 Bd7 45. Bxa6 Be6 46. Bd3 Bd6 47. Rf1 Kg6 48. Rc1 h5 49. Bc4 Bg3 50. Kg1 h4 51. Kf1 Kg5 52. Ke2 Kf4 53. Kd3 Bf2 54. Ke2 Bg3 55. Bd3 Ke5 56. Rc5+ Kd4 57. Ra5 Bd5 58. Kf1 f4 59. Be2 Be4 60. Bh5 f6 61. Bf3 Bd3+ 62. Be2 Be4 63. Ra3 Bc2 64. Ra6 f5 65. Ra3 Be4 66. Bf3 Bd3+ 67. Be2 Bc2 68. Ba6 Be4 69. Ra5 Ke3 70. Ra3+ Kd2 71. Bc8 Bd3+ 72. Kg1 Ke2 73. Ra5 Bf2+ 74. Kh1 Bg3 75. Bxf5 Bxf5 76. Rxf5 Kf1 77. Ra5 Kf2 78. Ra2+ Kf1 79. Ra3 Kf2 80. Rb3 Kf1 81. Rf3+ Ke1 82. Kg1 Ke2 83. Ra3 Bf2+ 84. Kh1 Bg3 85. Ra2+ Kf1 86. Rb2 Bf2 87. Rc2 Bg3 88. Rc1+ Kf2 89. Rc3 Kf1 90. Rf3+ Ke1 91. Rxg3 fxg3 1/2-1/2

[Event "Selfoss 86/442"]
[Site "?"]
[Date "2002.??.??"]
[Round "?"]
[White "Sokolov, I."]
[Black "Tregubov, P."]
[Result "1-0"]
[WhiteElo "2684"]
[BlackElo "2594"]
[PlyCount "87"]
[EventDate "2002.??.??"]
[Source "Chess Informant"]
[SourceDate "2002.10.01"]

1. d4 d5 2. c4 e6 3. Nf3 Nf6 4. Nc3 Be7 5. Bg5 O-O 6. e3 Nbd7 7. Rc1 dxc4 8. Bxc4 a6 9. a4 c5 10. O-O cxd4 11. exd4 Nb6 12. Bb3 Bd7 13. Re1 Bc6 14. Ne5 Nbd5 15. Qd3 Nb4 16. Qh3 Nfd5 17. Bd2 Bg5 18. Bxg5 Qxg5 19. Ne4 Qe7 20. Qg3 Rfd8 21. h4 Be8 22. h5 h6 23. f4 Nf6 24. f5 Nbd5 25. Nxf6+ Qxf6 26. fxe6 fxe6 27. Qg4 Rd6 28. Bxd5 exd5 29. Rc7 Qg5 30. Qxg5 hxg5 31. Nd3 Rf6 32. Ree7 Rf7 33. Rxf7 Bxf7 34. Rxb7 Bxh5 35. b4 Be2 36. Nc5 Rf8 37. b5 axb5 38. axb5 Rf1+ 39. Kh2 Rb1 40. b6 Rb2 41. Rb8+ Kf7 42. b7 Bf3 43. Kg3 Be4 44. Rc8 1-0

[Event "Tilburg"]
[Site "?"]
[Date "1989.??.??"]
[Round "?"]
[White "Kortchnoi, V."]
[Black "Agdestein, S."]
[Result "1/2-1/2"]
[WhiteElo "2655"]
[BlackElo "2605"]
[PlyCount "35"]
[EventDate "1989.??.??"]
[Source "ChessBase"]
[SourceDate "1989.07.01"]

1. d4 Nf6 2. Nf3 d5 3. c4 e6 4. Nc3 Be7 5. Bg5 Nbd7 6. e3 O-O 7. Rc1 a6 8. c5 c6 9. Bd3 e5 10. dxe5 Ne8 11. h4 Nxc5 12. Bb1 Ne6 13. Nd4 g6 14. Bh6 N8g7 15. h5 Bg5 16. hxg6 hxg6 17. Bxg5 Qxg5 18. Nf3 1/2-1/2

[Event "Yerevan ol (Men)"]
[Site "Yerevan"]
[Date "1996.??.??"]
[Round "13"]
[White "Sokolov, Ivan"]
[Black "Timman, Jan H"]
[Result "1/2-1/2"]
[WhiteElo "2670"]
[BlackElo "2590"]
[PlyCount "52"]
[EventDate "1996.09.??"]
[Source "www.chesslib.no"]
[SourceDate "2004.05.04"]

1. d4 Nf6 2. c4 e6 3. Nf3 d5 4. Nc3 Nbd7 5. Bg5 Be7 6. e3 O-O 7. Rc1 c6 8. a3 h6 9. Bh4 Ne4 10. Bxe7 Qxe7 11. Qc2 Nxc3 12. Qxc3 dxc4 13. Bxc4 b6 14. O-O Bb7 15. Rfd1 c5 16. dxc5 Nxc5 17. Qe5 Rac8 18. b4 Nd7 19. Qf4 Rfd8 20. h3 Nf6 21. Nd4 Rxc4 22. Rxc4 e5 23. Qg3 exd4 24. Rdxd4 Rxd4 25. Rxd4 Bd5 26. Qf4 Qb7 1/2-1/2

[Event "New York op"]
[Site "New York"]
[Date "2000.05.11"]
[Round "9"]
[White "Khenkin, Igor"]
[Black "Tregubov, Pavel V"]
[Result "1/2-1/2"]
[WhiteElo "2622"]
[BlackElo "2615"]
[PlyCount "32"]
[EventDate "2000.05.05"]
[Source "ChessBase"]
[SourceDate "2000.07.11"]

1. d4 d5 2. c4 e6 3. Nf3 Nf6 4. Nc3 Be7 5. Bg5 O-O 6. e3 Nbd7 7. Rc1 dxc4 8. Bxc4 a6 9. Bd3 c5 10. Ne5 cxd4 11. exd4 Nxe5 12. dxe5 Nd5 13. Bxe7 Qxe7 14. O-O Rd8 15. Qg4 Bd7 16. Nxd5 exd5 1/2-1/2

[Event "Biel SKA"]
[Site "Biel"]
[Date "1996.??.??"]
[Round "10"]
[White "Romanishin, Oleg M"]
[Black "Ehlvest, Jaan"]
[Result "1-0"]
[WhiteElo "2555"]
[BlackElo "2660"]
[PlyCount "47"]
[EventDate "1996.07.22"]
[Source "ChessBase"]

1. Nf3 d5 2. d4 Nf6 3. c4 e6 4. Nc3 Be7 5. Bg5 O-O 6. e3 Nbd7 7. Rc1 c6 8. Bd3 a6 9. c5 e5 10. dxe5 Ne8 11. h4 Nxc5 12. Bb1 Ne6 13. Qc2 Nxg5 14. Nxg5 g6 15. Nxh7 Kxh7 16. h5 Kg7 17. hxg6 f5 18. Qe2 Bh4 19. g3 Rh8 20. gxh4 Rxh4 21. Qf3 Nc7 22. Ke2 Ne6 23. Rxh4 Qxh4 24. Rh1 1-0

[Event "AUT-chT2S 9596"]
[Site "Austria"]
[Date "1995.??.??"]
[Round "?"]
[White "Ftacnik, Lubomir"]
[Black "Eingorn, Vereslav S"]
[Result "1/2-1/2"]
[WhiteElo "2605"]
[BlackElo "2595"]
[PlyCount "55"]
[EventDate "1995.??.??"]
[Source "www.chesslib.no"]
[SourceDate "2004.05.04"]

1. d4 e6 2. Nf3 Nf6 3. c4 d5 4. Nc3 Nbd7 5. Bg5 h6 6. Bh4 Be7 7. e3 O-O 8. Rc1 Re8 9. Bd3 dxc4 10. Bxc4 c5 11. O-O a6 12. dxc5 Nxc5 13. b4 Qxd1 14. Rfxd1 Ncd7 15. b5 Nb6 16. Bb3 Bd7 17. bxa6 Rxa6 18. Ne5 Bc6 19. f3 Nbd5 20. Nxc6 bxc6 21. Bf2 Nxc3 22. Rxc3 Nd5 23. Rc4 c5 24. e4 Nb6 25. Rc2 c4 26. Bxc4 Nxc4 27. Rxc4 Rxa2 28. Rdc1 1/2-1/2

[Event "Metz op"]
[Site "Metz"]
[Date "1998.??.??"]
[Round "8"]
[White "Shchekachev, Andrei"]
[Black "Eingorn, Vereslav S"]
[Result "1/2-1/2"]
[WhiteElo "2565"]
[BlackElo "2605"]
[PlyCount "66"]
[EventDate "1998.04.06"]
[Source "ChessBase"]
[SourceDate "1998.08.06"]

1. Nf3 Nf6 2. c4 e6 3. Nc3 d5 4. d4 Nbd7 5. Bg5 h6 6. Bh4 Be7 7. e3 O-O 8. Rc1 Re8 9. Bd3 dxc4 10. Bxc4 c5 11. O-O a6 12. a4 cxd4 13. exd4 Nb6 14. Bb3 Bd7 15. a5 Nbd5 16. Bxd5 exd5 17. Bxf6 Bxf6 18. Nxd5 Bb5 19. Nc7 Bxf1 20. Qxf1 Bg5 21. Rc4 Bf4 22. Nxa8 Qxa8 23. Qd3 Qd8 24. g3 Bb8 25. b4 Qd5 26. Rc5 Qa2 27. Qf5 Bd6 28. Rc8 Rf8 29. Rxf8+ Bxf8 30. Qe4 Bxb4 31. Qxb7 Bxa5 32. d5 Qa1+ 33. Kg2 Qf6 1/2-1/2

[Event "San Sebastian Open"]
[Site "San Sebastian ESP"]
[Date "1992.??.??"]
[Round "?"]
[White "Azmaiparashvili, Zurab A"]
[Black "Ubilava, Elizbar E"]
[Result "1/2-1/2"]
[WhiteElo "2610"]
[BlackElo "2560"]
[PlyCount "27"]
[EventDate "1992.??.??"]
[Source "www.chesslib.no"]
[SourceDate "2004.05.04"]

1. d4 d5 2. c4 e6 3. Nc3 Be7 4. Nf3 Nf6 5. Bg5 O-O 6. e3 Nbd7 7. Rc1 dxc4 8. Bxc4 a6 9. Bd3 c5 10. Ne5 cxd4 11. exd4 Nb6 12. O-O Nbd5 13. Nxd5 exd5 14. Re1 1/2-1/2

[Event "FRA Ch Top 16 Poule Basse"]
[Site "?"]
[Date "2005.05.05"]
[Round "9"]
[White "Bischoff Klaus"]
[Black "Berkes Ferenc"]
[Result "1/2-1/2"]
[WhiteElo "2547"]
[BlackElo "2617"]
[PlyCount "45"]
[EventDate "2005.??.??"]
[Source "www.chesslib.no"]
[SourceDate "2004.05.04"]

1. c4 Nf6 2. Nc3 e6 3. Nf3 d5 4. d4 Be7 5. Bg5 O-O 6. e3 Nbd7 7. Rc1 a6 8. cxd5 exd5 9. Bd3 c5 10. dxc5 Nxc5 11. O-O Be6 12. Be2 Rc8 13. Nd4 Qb6 14. Bf3 Rfd8 15. Qe2 h6 16. Bxf6 Bxf6 17. Rfd1 Ne4 18. Nxe6 Nxc3 19. Rxc3 fxe6 20. Rb3 Qc6 21. g3 b5 22. Rbd3 Qc2 23. R3d2 1/2-1/2

[Event "Jugoslavija 73/(518)"]
[Site "?"]
[Date "1998.??.??"]
[Round "?"]
[White "Komarov, Dimitri"]
[Black "Atalik, Suat"]
[Result "1/2-1/2"]
[WhiteElo "2570"]
[BlackElo "2585"]
[PlyCount "33"]
[EventDate "1998.??.??"]
[Source "ChessBase"]
[SourceDate "1998.06.01"]

1. c4 e6 2. Nf3 Nf6 3. Nc3 d5 4. d4 Be7 5. Bg5 h6 6. Bh4 O-O 7. e3 Nbd7 8. Rc1 Re8 9. Bd3 dxc4 10. Bxc4 a6 11. a4 c5 12. O-O cxd4 13. Qxd4 Qa5 14. Rfd1 Rd8 15. Be2 Nf8 16. Qe5 Rxd1+ 17. Rxd1 1/2-1/2

[Event "Russia (ch)"]
[Site "?"]
[Date "1995.??.??"]
[Round "?"]
[White "Zvjaginsev, V."]
[Black "Kharitonov, A."]
[Result "1-0"]
[WhiteElo "2600"]
[BlackElo "2550"]
[PlyCount "71"]
[EventDate "1995.??.??"]
[Source "ChessBase"]
[SourceDate "1995.10.01"]

1. d4 Nf6 2. c4 e6 3. Nf3 d5 4. Nc3 Be7 5. Bg5 O-O 6. e3 Nbd7 7. Rc1 a6 8. b3 h6 9. Bh4 Bb4 10. Bd3 c5 11. O-O cxd4 12. exd4 Qa5 13. Qc2 dxc4 14. bxc4 b5 15. c5 Bb7 16. Be4 Nxe4 17. Nxe4 Bd5 18. Rb1 Qa3 19. Nd6 Rfb8 20. Bg3 a5 21. Rb2 Qa4 22. Rfb1 Qxc2 23. Rxc2 Bc6 24. Ne5 Nxe5 25. Bxe5 f6 26. Bg3 Rd8 27. f3 Rd7 28. Rb3 Bd5 29. Re3 e5 30. Nxb5 Bc6 31. Nd6 exd4 32. Rd3 Bc3 33. Bf2 Rb8 34. Bxd4 Rb1+ 35. Kf2 Be1+ 36. Ke2 1-0

[Event "Linares Anibal op 8th"]
[Site "Linares"]
[Date "2001.01.13"]
[Round "6"]
[White "Sakaev, Konstantin"]
[Black "Sulskis, Sarunas"]
[Result "1/2-1/2"]
[WhiteElo "2639"]
[BlackElo "2501"]
[PlyCount "37"]
[EventDate "2001.01.08"]
[Source "ChessBase"]
[SourceDate "2001.03.20"]

1. d4 Nf6 2. c4 e6 3. Nf3 d5 4. Nc3 Nbd7 5. Bg5 Be7 6. e3 O-O 7. Rc1 dxc4 8. Bxc4 c5 9. O-O a6 10. a4 cxd4 11. Qxd4 h6 12. Bh4 b6 13. Rfd1 Bb7 14. e4 Bc5 15. Qd3 Qe8 16. Bg3 Bb4 17. Bd6 Bxd6 18. Qxd6 Qb8 19. Qd4 1/2-1/2

[Event "MK Cafe Cup-A"]
[Site "Koszalin"]
[Date "1999.08.11"]
[Round "8"]
[White "Burmakin, Vladimir"]
[Black "Kharitonov, Andrei Y"]
[Result "1-0"]
[WhiteElo "2579"]
[BlackElo "2559"]
[PlyCount "127"]
[EventDate "1999.08.03"]
[Source "ChessBase"]
[SourceDate "1999.12.01"]

1. d4 Nf6 2. c4 e6 3. Nf3 d5 4. Nc3 Be7 5. Bg5 O-O 6. e3 h6 7. Bh4 Nbd7 8. Rc1 dxc4 9. Bxc4 a6 10. a4 c5 11. O-O cxd4 12. exd4 Nb6 13. Ba2 Bd7 14. Ne5 Be8 15. Bb1 g6 16. Re1 Nfd5 17. Bxe7 Nxe7 18. Be4 Rb8 19. b3 Nd7 20. Qf3 Nxe5 21. dxe5 Nc6 22. Qe3 Nxe5 23. Qxh6 Qf6 24. Qe3 Bc6 25. Bxc6 Nxc6 26. Ne4 Qd4 27. Qxd4 Nxd4 28. Nf6+ Kg7 29. Nd7 Rbc8 30. Rcd1 Nc2 31. Nxf8 Nxe1 32. Nxe6+ fxe6 33. Rxe1 Kf6 34. h4 e5 35. Re4 b5 36. axb5 axb5 37. Kh2 Rc5 38. f3 Rd5 39. Kh3 Kf5 40. g4+ Kf6 41. Kg2 Rd2+ 42. Kg3 Rd3 43. Rb4 Rd5 44. Kf2 Rc5 45. Ke3 g5 46. h5 Ke6 47. Ke4 Kf6 48. Kd3 Rd5+ 49. Ke2 Rc5 50. Re4 Rc2+ 51. Kd3 Rf2 52. Re3 Ke6 53. Ke4 b4 54. Re1 Rh2 55. Ra1 Re2+ 56. Kd3 Rf2 57. Ra6+ Kd5 58. Ra5+ Ke6 59. Ke3 Rb2 60. Rb5 Rxb3+ 61. Ke4 Kf6 62. Rxe5 Rxf3 63. Kxf3 Kxe5 64. Ke3 1-0

[Event "RUS Army-ch"]
[Site "RUS"]
[Date "1995.??.??"]
[Round "?"]
[White "Savchenko, Stanislav"]
[Black "Kharitonov, Andrei Y"]
[Result "1/2-1/2"]
[WhiteElo "2585"]
[BlackElo "2550"]
[PlyCount "67"]
[EventDate "1995.??.??"]
[Source "ChessBase"]

1. d4 d5 2. c4 e6 3. Nf3 Nf6 4. Nc3 Be7 5. Bg5 O-O 6. e3 Nbd7 7. Rc1 a6 8. Qc2 c6 9. Bd3 h6 10. cxd5 Nxd5 11. Bxe7 Qxe7 12. a3 N5f6 13. O-O c5 14. Ne4 cxd4 15. Nxd4 Nxe4 16. Bxe4 Nf6 17. Bf3 e5 18. Nb3 e4 19. Be2 Be6 20. Qc5 Rfe8 21. Qxe7 Rxe7 22. Nd4 Bg4 23. Rfd1 Rd8 24. Kf1 Red7 25. h3 Bxe2+ 26. Kxe2 g6 27. Rc5 Kg7 28. Rdc1 Nd5 29. Nb3 f5 30. Rc8 Kf7 31. Rxd8 Rxd8 32. Nc5 b6 33. Nb3 Ne7 34. Nd4 1/2-1/2

[Event "Sochi"]
[Site "Sochi"]
[Date "1973.??.??"]
[Round "9"]
[White "Tal, Mihail"]
[Black "Hennings, Artur"]
[Result "1/2-1/2"]
[WhiteElo "2655"]
[BlackElo "2475"]
[PlyCount "81"]
[EventDate "1973.??.??"]
[Source "ChessBase"]

1. d4 Nf6 2. c4 e6 3. Nf3 d5 4. Nc3 Be7 5. Bg5 h6 6. Bh4 O-O 7. e3 Nbd7 8. Rc1 a6 9. cxd5 exd5 10. Bd3 c6 11. Bg3 Re8 12. O-O Nf8 13. Ne5 Ne6 14. Bb1 Ng5 15. Qb3 Nh5 16. f4 Nxg3 17. hxg3 Ne6 18. Rcd1 Qa5 19. a3 Bd8 20. Qc2 Nf8 21. e4 dxe4 22. Nxe4 Bf5 23. Ba2 Be6 24. Bb1 Bb6 25. Kh2 Red8 26. Nc5 Bxc5 27. dxc5 Rd5 28. Rxd5 Bxd5 29. Qc1 Re8 30. b4 Qc7 31. Qc2 f6 32. Ng6 Qf7 33. Nh4 Re3 34. a4 Qe6 35. Rf2 Qg4 36. Nf5 Qh5+ 37. Nh4 g5 38. fxg5 hxg5 39. Qf5 Rxg3 40. Qxf6 Qxh4+ 41. Kg1 1/2-1/2

[Event "RUS-ch51"]
[Site "St Petersburg"]
[Date "1998.07.28"]
[Round "1"]
[White "Lugovoi, Aleksei"]
[Black "Korneev, Oleg"]
[Result "1/2-1/2"]
[WhiteElo "2525"]
[BlackElo "2600"]
[PlyCount "44"]
[EventDate "1998.07.28"]
[Source "ChessBase"]
[SourceDate "1998.11.30"]

1. d4 d5 2. c4 e6 3. Nf3 Nf6 4. Nc3 Be7 5. Bg5 h6 6. Bh4 O-O 7. e3 Nbd7 8. Rc1 Re8 9. Be2 dxc4 10. Bxc4 c5 11. O-O a6 12. a4 cxd4 13. exd4 Nb6 14. Ba2 Bd7 15. a5 Nbd5 16. Nxd5 Nxd5 17. Bxd5 exd5 18. Bxe7 Rxe7 19. Qd2 f6 20. h3 Bb5 21. Rfe1 Rxe1+ 22. Nxe1 Qd6 1/2-1/2

[Event "Mind Sports Games - Blitz Team"]
[Site "Pechino CINA"]
[Date "2008.10.13"]
[Round "9"]
[White "Gyimesi, Z."]
[Black "Sveshnikov, E."]
[Result "1-0"]
[WhiteElo "2592"]
[BlackElo "2525"]
[PlyCount "83"]
[EventDate "2008.10.13"]
[Source "www.chesslib.no"]
[SourceDate "2004.05.04"]

1. d4 d5 2. c4 c6 3. Nf3 Nf6 4. Nc3 e6 5. Bg5 Be7 6. e3 h6 7. Bh4 O-O 8. Rc1 Nbd7 9. a3 Ne4 10. Bxe7 Nxc3 11. Bxd8 Nxd1 12. Be7 Re8 13. Kxd1 Rxe7 14. cxd5 cxd5 15. Bd3 Nf6 16. Ne5 Bd7 17. Kd2 Kf8 18. g4 Be8 19. h4 Nd7 20. g5 f6 21. gxf6 gxf6 22. Nxd7+ Rxd7 23. Rhg1 Rad8 24. Bb5 Rf7 25. Bxe8 Kxe8 26. Rg6 Kd7 27. Rxh6 Rg8 28. h5 Rg2 29. Ke2 Rh2 30. Rg1 Ke7 31. Rh8 Rh4 32. h6 Rh2 33. Rg7 f5 34. Rxf7+ Kxf7 35. h7 Kg6 36. Re8 Rxh7 37. Rxe6+ Kg5 38. Rd6 Rc7 39. Kd2 f4 40. Rxd5+ Kg4 41. Rd8 Rf7 42. Ke2 1-0

[Event "Madrid"]
[Site "Madrid"]
[Date "1995.??.??"]
[Round "3"]
[White "Timman, Jan H"]
[Black "San Segundo Carrillo, Pablo"]
[Result "1/2-1/2"]
[WhiteElo "2635"]
[BlackElo "2480"]
[PlyCount "85"]
[EventDate "1995.05.??"]
[Source "ChessBase"]

1. d4 d5 2. c4 e6 3. Nc3 Be7 4. Nf3 Nf6 5. Bg5 O-O 6. e3 Nbd7 7. Rc1 dxc4 8. Bxc4 a6 9. a3 b5 10. Ba2 Bb7 11. O-O c5 12. Qe2 Ne4 13. Bxe7 Qxe7 14. Bb1 Nxc3 15. Rxc3 cxd4 16. Nxd4 Rfc8 17. Rfc1 g6 18. Nc6 Rxc6 19. Rxc6 Bxc6 20. Rxc6 Ne5 21. Rc3 Rd8 22. f4 Nc4 23. Bd3 Nb6 24. Rc6 Nd5 25. Be4 Qa7 26. Bxd5 Rxd5 27. h3 Rc5 28. Rd6 Rd5 29. Rxd5 exd5 30. Kf2 Qe7 31. Qc2 Qf6 32. Kf3 h5 33. g4 hxg4+ 34. hxg4 Qh4 35. g5 Qh5+ 36. Kg3 Qh1 37. Qc8+ Kg7 38. Qc3+ Kg8 39. Kf2 Qd1 40. Qb4 Kh7 41. Qe1 Qc2+ 42. Qe2 Qc1 43. Kf3 1/2-1/2

[Event "Pamplona Open"]
[Site "Pamplona ESP"]
[Date "1991.??.??"]
[Round "?"]
[White "Eingorn, Vereslav S"]
[Black "Dokhoian, Yury R"]
[Result "1-0"]
[WhiteElo "2575"]
[BlackElo "2540"]
[PlyCount "95"]
[EventDate "1991.??.??"]
[Source "www.chesslib.no"]
[SourceDate "2004.05.04"]

1. d4 Nf6 2. c4 e6 3. Nf3 d5 4. Bg5 Be7 5. Nc3 Nbd7 6. e3 O-O 7. Rc1 dxc4 8. Bxc4 c5 9. O-O a6 10. a4 cxd4 11. Qxd4 Nb6 12. Bb3 Qxd4 13. Nxd4 Rd8 14. Rfd1 Kf8 15. e4 Bd7 16. a5 Nc8 17. e5 Ne8 18. Ne4 Na7 19. Bxe7+ Kxe7 20. Nc5 Rab8 21. f4 Nb5 22. Nxd7 Nxd4 23. Nxb8 Ne2+ 24. Kf2 Nxc1 25. Rxc1 Rxb8 26. Ba4 g6 27. Ke3 h5 28. g3 b6 29. axb6 Rxb6 30. Rc8 Ng7 31. b3 Rb4 32. Kd3 Rb7 33. Rg8 Rb4 34. Ra8 Rb7 35. Rg8 Rb4 36. h3 h4 37. g4 Rxf4 38. Ke3 Rb4 39. Rxg7 Kf8 40. Rh7 Kg8 41. Rh6 Kg7 42. Rxh4 a5 43. Kd3 Rf4 44. Bc6 Rb4 45. Kc3 Rb6 46. Be4 Rb5 47. g5 Rxe5 48. Rg4 1-0

[Event "Ubeda op 5th"]
[Site "Ubeda"]
[Date "2000.01.25"]
[Round "7"]
[White "San Segundo Carrillo, Pablo"]
[Black "Tregubov, Pavel V"]
[Result "1/2-1/2"]
[WhiteElo "2497"]
[BlackElo "2615"]
[PlyCount "33"]
[EventDate "2000.01.19"]
[Source "ChessBase"]
[SourceDate "2000.04.05"]

1. d4 d5 2. c4 e6 3. Nc3 Be7 4. Nf3 Nf6 5. Bg5 O-O 6. e3 Nbd7 7. Rc1 dxc4 8. Bxc4 a6 9. Bd3 c5 10. O-O cxd4 11. Nxd4 Ne5 12. Be2 Bd7 13. Qb3 b5 14. Nf3 Nc6 15. Rfd1 Rc8 16. Rd2 Qc7 17. Rcd1 1/2-1/2

[Event "World op Major"]
[Site "Philadelphia"]
[Date "1999.07.01"]
[Round "6"]
[White "Novikov, Igor A"]
[Black "Ziatdinov, Raset"]
[Result "1-0"]
[WhiteElo "2601"]
[BlackElo "2511"]
[PlyCount "53"]
[EventDate "1999.06.??"]
[Source "www.chesslib.no"]
[SourceDate "2004.05.04"]

1. d4 d5 2. c4 e6 3. Nf3 Nf6 4. Nc3 Be7 5. Bg5 O-O 6. e3 Nbd7 7. Rc1 a6 8. Qc2 c6 9. a4 Re8 10. Bd3 dxc4 11. Bxc4 Nd5 12. Bxe7 Qxe7 13. O-O Nxc3 14. Qxc3 e5 15. b4 exd4 16. Nxd4 Ne5 17. Be2 Bd7 18. Qc5 Rad8 19. Qxe7 Rxe7 20. Rfd1 Be8 21. f3 g6 22. Kf2 f6 23. Nb3 Rxd1 24. Rxd1 Nd7 25. e4 Kf8 26. Rd6 Rg7 27. a5 1-0

[Event "02"]
[Site "?"]
[Date "1986.??.??"]
[Round "?"]
[White "Andersson, Ulf"]
[Black "Hansen, Curt"]
[Result "1/2-1/2"]
[WhiteElo "2585"]
[BlackElo "2520"]
[PlyCount "70"]
[EventDate "1986.??.??"]
[Source "www.chesslib.no"]
[SourceDate "2004.05.04"]

1. Nf3 d5 2. d4 Nf6 3. c4 e6 4. Nc3 Be7 5. Bg5 O-O 6. e3 Nbd7 7. Rc1 h6 8. Bh4 c6 9. Qc2 a6 10. cxd5 exd5 11. Bd3 Re8 12. O-O Nf8 13. Rfe1 Ne4 14. Bxe7 Qxe7 15. Bxe4 dxe4 16. Nd2 f5 17. d5 Ng6 18. f4 exf3 19. Nxf3 Nh4 20. Nxh4 Qxh4 21. dxc6 bxc6 22. Qf2 Qb4 23. e4 fxe4 24. a3 Qb3 25. Nxe4 Rf8 26. Rc3 Qb5 27. Qe2 Qb6+ 28. Nc5 a5 29. h3 Bf5 30. Qc4+ Kh8 31. Rb3 Qd8 32. Rf3 Bg6 33. Rxf8+ Qxf8 34. Nd7 Qd6 35. Ne5 Re8 1/2-1/2

[Event "Roses"]
[Site "Roses"]
[Date "1992.??.??"]
[Round "3"]
[White "Spraggett, Kevin B"]
[Black "Ubilava, Elizbar E"]
[Result "1/2-1/2"]
[WhiteElo "2545"]
[BlackElo "2560"]
[PlyCount "61"]
[EventDate "1992.09.??"]
[Source "www.chesslib.no"]
[SourceDate "2004.05.04"]

1. c4 e6 2. Nc3 d5 3. d4 Be7 4. Nf3 Nf6 5. Bg5 O-O 6. e3 Nbd7 7. Rc1 dxc4 8. Bxc4 a6 9. a4 c5 10. O-O cxd4 11. exd4 Nb6 12. Bb3 Bd7 13. Re1 Bc6 14. Ne5 Nbd5 15. Qe2 Qd6 16. Red1 Nb4 17. Bf4 Qd8 18. Nxc6 bxc6 19. Be5 Ra7 20. Ne4 Nxe4 21. Qxe4 Bf6 22. g3 Rd7 23. h4 Qe7 24. Bc4 Rfd8 25. Be2 h6 26. Kf1 a5 27. b3 Rd5 28. Bc4 R5d7 29. Be2 Rd5 30. Bc4 R5d7 31. Be2 1/2-1/2

[Event "World op"]
[Site "Philadelphia"]
[Date "1997.??.??"]
[Round "6"]
[White "Epishin, Vladimir"]
[Black "Ziatdinov, Raset"]
[Result "1-0"]
[WhiteElo "2570"]
[BlackElo "2535"]
[PlyCount "91"]
[EventDate "1997.09.??"]
[Source "www.chesslib.no"]
[SourceDate "2004.05.04"]

1. d4 d5 2. c4 e6 3. Nf3 Nf6 4. Nc3 Be7 5. Bg5 O-O 6. e3 Nbd7 7. Rc1 a6 8. c5 c6 9. Bd3 e5 10. dxe5 Ne8 11. h4 Nxc5 12. Bb1 f6 13. Qc2 g6 14. Bh6 Bf5 15. Qe2 Bxb1 16. Rxb1 Ng7 17. h5 f5 18. hxg6 hxg6 19. Nd4 Qd7 20. f4 Rf7 21. g4 fxg4 22. Bxg7 Rxg7 23. b4 Ne6 24. Qxg4 Nf8 25. Qxd7 Nxd7 26. Kf2 Nf8 27. a4 Rd8 28. a5 Rh7 29. Rxh7 Kxh7 30. Na4 Nd7 31. Ne6 Rb8 32. Ke2 Kg8 33. Nac5 Nf8 34. Nd4 Kf7 35. Rh1 Rc8 36. Kf3 Rc7 37. Kg4 Kg8 38. Rh2 Kf7 39. Rh1 Kg8 40. Nde6 Rc8 41. Rh6 Nxe6 42. Nxe6 Bxb4 43. Rxg6+ Kf7 44. f5 Bf8 45. Nxf8 Kxf8 46. e6 1-0

[Event "URS-FL"]
[Site "Sverdlovsk"]
[Date "1987.??.??"]
[Round "?"]
[White "Tukmakov, Vladimir B"]
[Black "Dokhoian, Yury R"]
[Result "1/2-1/2"]
[WhiteElo "2575"]
[BlackElo "2530"]
[PlyCount "76"]
[EventDate "1987.11.??"]
[Source "www.chesslib.no"]
[SourceDate "2004.05.04"]

1. d4 d5 2. c4 e6 3. Nc3 Be7 4. Nf3 Nf6 5. Bg5 O-O 6. e3 Nbd7 7. Rc1 h6 8. Bh4 dxc4 9. Bxc4 a6 10. a4 c5 11. O-O cxd4 12. exd4 Nb6 13. Bb3 Bd7 14. Ne5 Bc6 15. Nxc6 bxc6 16. Ne2 Qd7 17. Qd3 Nbd5 18. Bc4 a5 19. b3 Rfd8 20. h3 Qb7 21. Qf3 Rd7 22. Bg3 Bd6 23. Be5 Rc8 24. Ng3 Be7 25. Rfe1 Rdd8 26. Re2 Qa8 27. Bd3 Nb4 28. Bb1 c5 29. Qxa8 Rxa8 30. dxc5 Rac8 31. Ne4 Nxe4 32. Bxe4 Rxc5 33. Rxc5 Rd1+ 34. Kh2 Bxc5 35. Bc3 Kf8 36. g3 g6 37. Kg2 Ke7 38. Rd2 Rxd2 1/2-1/2

[Event "05.OIBayEM Bad Wiessee op"]
[Site "?"]
[Date "2001.11.01"]
[Round "6"]
[White "Epishin Vladimir"]
[Black "Doettling Fabian"]
[Result "1/2-1/2"]
[WhiteElo "2583"]
[BlackElo "2520"]
[PlyCount "54"]
[EventDate "2001.??.??"]
[Source "www.chesslib.no"]
[SourceDate "2004.05.04"]

1. d4 d5 2. c4 e6 3. Nc3 Be7 4. Nf3 Nf6 5. Bg5 O-O 6. e3 Nbd7 7. Rc1 a6 8. cxd5 exd5 9. Be2 c6 10. O-O Re8 11. a3 Nf8 12. b4 Bd6 13. Na4 Ng6 14. Nc5 h6 15. Bxf6 Qxf6 16. a4 Re7 17. Re1 Bf5 18. b5 axb5 19. axb5 Nh4 20. Nxh4 Qxh4 21. g3 Qf6 22. bxc6 bxc6 23. Nd3 Rc7 24. Bf1 Ra3 25. Nc5 Ra5 26. Nd3 Ra3 27. Nc5 Ra5 1/2-1/2

[Event "St Petersburg-ch"]
[Site "St Petersburg"]
[Date "2002.04.20"]
[Round "5"]
[White "Popov, Valerij"]
[Black "Lugovoi, Aleksei"]
[Result "1/2-1/2"]
[WhiteElo "2593"]
[BlackElo "2510"]
[PlyCount "55"]
[EventDate "2002.04.16"]
[Source "ChessBase"]
[SourceDate "2002.08.12"]

1. d4 Nf6 2. c4 e6 3. Nf3 d5 4. Nc3 Be7 5. Bg5 O-O 6. e3 Nbd7 7. Rc1 a6 8. cxd5 exd5 9. Bd3 Nb6 10. Qc2 g6 11. h3 Re8 12. a4 Be6 13. O-O a5 14. Ne2 Nh5 15. Bh6 Rc8 16. b3 Ba3 17. Rcd1 Bd6 18. g4 Ng7 19. Nf4 Nd7 20. Kg2 Nf6 21. Bg5 Be7 22. Nxe6 Nxe6 23. Bh4 Nf8 24. Bg3 c6 25. Rh1 Bb4 26. Bh4 Be7 27. Bg3 Bb4 28. Bh4 1/2-1/2